000 01021nas a2200349 4500
001 BR2011008024
003 BR-BrBNA
005 20231205115843.0
007 ta
008 230509b bl.|||p| |||| 00| 00por d
040 _aBR-BrBNA
_bpor
_cBiblioteca Nacional de Agricultura
041 _a(Pt)
072 _aF03; F02
100 1 _aRamos, S.L.F.
100 1 _aMacêdo, J.L.V. de
100 1 _aMaritins, C.C.
100 1 _aLopes, R.
100 1 _aLopes, M.T.G.
245 1 _aTratamentos pré-germinativos e procedência de sementes do tucumã-do-amazonas para a produção de mudas
650 _aTUCUM
650 _aPALMEIRA OLEAGINOSA
650 _aSEMENTE
650 _aGERMINAÇÃO
650 _aEMBEBIÇÃO
650 _aHIDRATAÇÃO
650 _aPLÂNTULA
650 _aMUDA
650 _aPOLPA
773 0 _tRevista Brasileira de Fruticultura (Brazil)
_xISSN 0100 2945
_g(Sep 2011), v. 33(3) p. 962-969
_wBR2011008024
909 _a202311
_bLúcia
_c55
_dLúcia Elande
942 _2AGRIS
_n0
_cANA
999 _c216022
_d216022